The Potential for High‑tech Exports from Selected EU Member States to China and the Related Opportunities Arising from the Belt and Road Initiative
Identifikovanie nevyužitého potenciálu pre high-tech export z vybraných krajín EÚ, vstupujúcich na čínksy trh a zhodnotenie príležitostí, vyplývajúcich z využívania tohto potenciálu BRI.
Salvato in:
| Autore principale: | |
|---|---|
| Altri autori: | |
| Natura: | Capitolo di libro |
| Lingua: | inglese |
| Soggetti: | |
| Tags: |
Nessun Tag, puoi essere il primo ad aggiungerne!!
|
MARC
| LEADER | 00000naa a2200000 4500 | ||
|---|---|---|---|
| 001 | 0304630 | ||
| 005 | 20250127145446.7 | ||
| 041 | 0 | |a eng | |
| 044 | |a PL | ||
| 245 | 1 | 0 | |a The Potential for High‑tech Exports from Selected EU Member States to China and the Related Opportunities Arising from the Belt and Road Initiative |c Zuzana Kittová, Barbora Družbacká |
| 520 | |a Identifikovanie nevyužitého potenciálu pre high-tech export z vybraných krajín EÚ, vstupujúcich na čínksy trh a zhodnotenie príležitostí, vyplývajúcich z využívania tohto potenciálu BRI. | ||
| 610 | 2 | 0 | |a Čína |
| 610 | 2 | 0 | |a Európska únia |
| 610 | 2 | 0 | |a vývoz |
| 610 | 2 | 0 | |a vývoz tovaru |
| 610 | 2 | 0 | |a elektrotechnika |
| 610 | 2 | 0 | |a elektronika |
| 100 | 1 | |a Kittová, Zuzana, 1975- | |
| 700 | 1 | |a Družbacká, Barbora, 1995- | |